Dates Quiz 2 - Statistics

General Stats
  • This quiz has been taken 52 times
  • The average score is 11 of 20
Answer Stats
Hint Answer % Correct
1756-1763 7 Years War
87%
Adam Smiths Wealth of Nations 1776
65%
British abolish Trans-Atlantic slave trade 1807
61%
Suez Canal opens 1869
57%
Boer War 1899-1902
57%
Independence in Latin America 1820s
52%
Tanzimat Reforms 1839-1878
52%
Russia frees serfs 1861
52%
1839 1st Opium War In China
52%
1815 Congress Of Vienna
52%
1789 French Revolution Begins
52%
1804 Haitian Independence
52%
Sepoy Mutiny 1857
48%
Berlin Conference 1885
48%
Ethiopians defeat Italians at the battle of Adowa 1896
48%
1888 Brazil Ends Slavery
48%
1871 German Unification
48%
1853 Commodore Perry Opens Japan
43%
1861-1870 Italian Unification
43%
1898 Spanish-American War
39%
No matching quizzes found
Score Distribution
Percent of People with Each Score
Percentile by Number Answered
Your Score History
You have not taken this quiz